000
00352nam a2200157Ia 4500
100
_a
Silberschatz/Abraham
250
_a
7
942
_c
BK
654
_a
operating system
245
_a
Operating system principles
260
_b
John Wiley & Sons
_a
New Delhi
_c
2006
082
_a
005.43/SIL
_b
SIL
300
_a
896
546
_a
ENGLISH
999
_c
34957
_d
34957